LDR 00668naa#a2200181#i#450# 001 EN\\bibl\117836 005 20260603034018.3 011 ## _a2500-4026 100 ## _a20240930b2024####ek#y0engy0150####ca 101 0# _aRUS 102 ## _aRU 200 1# _aDEVELOPMENT OF CRITERIA AND AN ALGORITHM FOR ASSESSING THE FIRE MANAGEMENT PLANNING DEPARTMENT _eJournal article 210 1# _aZheleznogorsk _cFSBEE HE Siberian Fire and Rescue Academy EMERCOM of Russia _d2024 215 ## _a6 с. 608 ## _aJournal article _2local 675 ## _aПрочие вопросы, касающиеся пожарной охраны. 614.849 _zRUS 700 #1 _aMikhaylin _gP O 856 4# _aapbt-sibpsa.editorum.ru _u